Para no cansarlos con el cuento: Narrativa costarricense actual

में बचाया:
ग्रंथसूची विवरण
मुख्य लेखक: Cortés, Carlos; Múñoz, Vernor; Soto Rodrigo
स्वरूप: पुस्तक
भाषा:Undetermined
प्रकाशित: San José, Costa Rica Univerisdad de Costa Rica 1989
विषय:
टैग: टैग जोड़ें
कोई टैग नहीं, इस रिकॉर्ड को टैग करने वाले पहले व्यक्ति बनें!

MARC

LEADER 00000nam a2200000Ia 4500
008 170316s9999 xx 000 0 und d
040 |a cru BVZT 
090 |a A-868 C-3p 
100 |a Cortés, Carlos; Múñoz, Vernor; Soto Rodrigo  |9 1508 
245 |a Para no cansarlos con el cuento: Narrativa costarricense actual 
260 |a San José, Costa Rica 
260 |b Univerisdad de Costa Rica 
260 |c 1989 
300 |a 232 páginas 
650 |a LITERATURA COSTARRICENSE  |9 17 
999 |c 12593  |d 12593 
942 |c 15 D  |h A-868 C-3p  |2 z